Thorpe Park Rides - Statistics

General Stats
  • This quiz has been taken 138 times
    106 since last reset
  • The average score is 13 of 24
Answer Stats
Area Ride % Correct
Swarm Island The Swarm
95%
Stealth
93%
Lost City Colossus
90%
Old Town SAW: The Ride
87%
Nemesis Inferno
83%
Tidal Wave
78%
Rush
72%
Detonator
62%
Vortex
62%
Amity Flying Fish
60%
Zodiac
60%
The Jungle Rumba Rapids
57%
Quantum
55%
Samurai
52%
The Walking Dead: The Ride
50%
The Dock Yard Ghost Train
47%
Storm Surge
45%
Mr Monkey's Banana Ride
40%
Depth Charge
35%
DOBBLE TEA PARTY
25%
Angry Birds Land Dodgems
23%
Black Mirror Labyrinth
12%
Angry Birds 4D Experience
8%
Project Exodus
7%
No matching quizzes found
Score Distribution
Percent of People with Each Score
Percentile by Number Answered
Your Score History
You have not taken this quiz since the last reset